Movies Quiz

Random Movies or Actor Quiz

The Only Oscar Nominee II Quiz Stats

 Plays Quiz Updated Jun 25, 2017

Support Sporcle.
Go Orange.
Score 0/25 Timer 06:00
2 Plays Today
Question Answer Wrong Answers
Monster's Ball
(2001)
Halle Berry
84.9%
Billy Bob Thornton
6.7%
Heath Ledger
3%
Sean Combs
1.1%
Mary Poppins
(1964)
Julie Andrews
83.7%
David Tomlinson
0.9%
Dick Van Dyke
10.7%
Karen Dotrice
0.5%
Aliens
(1986)
Sigourney Weaver
80%
Bill Paxton
8.6%
Lance Henriksen
5%
Paul Reiser
2.1%
Gangs of New York
(2002)
Daniel Day-Lewis
78.2%
Cameron Diaz
2.8%
John C. Reilly
1.9%
Leonardo DiCaprio
12.6%
True Grit
(1969)
John Wayne
76.9%
Dennis Hopper
5.3%
Kim Darby
4.6%
Robert Duvall
8.9%
The Social Network
(2010)
Jesse Eisenberg
74.5%
Andrew Garfield
9.3%
Justin Timberlake
6.3%
Rooney Mara
5.5%
The Elephant Man
(1980)
John Hurt
68.8%
Anne Bancroft
3.1%
Anthony Hopkins
17.9%
John Gielgud
5.9%
Ghost
(1990)
Whoopi Goldberg
68.6%
Demi Moore
12.7%
Patrick Swayze
13.7%
Tony Goldwyn
0.7%
Tropic Thunder
(2008)
Robert Downey, Jr.
68.1%
Ben Stiller
10.6%
Jay Baruchel
3.2%
Tom Cruise
13.8%
Little Women
(1994)
Winona Ryder
65.2%
Christian Bale
4.4%
Claire Danes
19.1%
Gabriel Byrne
6.8%
Hidden Figures
(2016)
Octavia Spencer
62.9%
Janelle Monáe
7.7%
Kevin Costner
7%
Taraji P. Henson
17.9%
Gone Girl
(2014)
Rosamund Pike
62.6%
Ben Affleck
25.6%
Neil Patrick Harris
4.9%
Tyler Perry
2.6%
Witness
(1985)
Harrison Ford
59%
Kelly McGillis
22%
Lukas Haas
8.6%
Viggo Mortensen
6%
Twelve Monkeys
(1995)
Brad Pitt
55.6%
Bruce Willis
27.9%
David Morse
4.3%
Madeline Stowe
7.9%
A Fish Called Wanda
(1988)
Kevin Kline
53.2%
Jamie Lee Curtis
23%
John Cleese
15.1%
Michael Palin
4.4%
Finding Neverland
(2004)
Johnny Depp
52.6%
Dustin Hoffman
7.1%
Julie Christie
3.4%
Kate Winslet
32.8%
The Untouchables
(1987)
Sean Connery
50.1%
Andy Garcia
6.2%
Kevin Costner
22.9%
Robert De Niro
16.4%
The Big Chill
(1983)
Glenn Close
44%
Kevin Kline
18.3%
Mary Kay Place
4.1%
William Hurt
28.9%
The Manchurian Candidate
(1962)
Angela Lansbury
42.7%
Frank Sinatra
26.9%
Janet Leigh
12.1%
Laurence Harvey
13.6%
The Talented Mr. Ripley
(1999)
Jude Law
37.7%
Cate Blanchett
9.7%
Gwyneth Paltrow
8.3%
Matt Damon
39.8%
The Truman Show
(1998)
Ed Harris
34.2%
Jim Carrey
54.2%
Laura Linney
6.5%
Noah Emmerich
1%
In the Heat of the Night
(1967)
Rod Steiger
30.7%
Lee Grant
3.7%
Sidney Poitier
58.5%
Warren Oates
2.6%
Blazing Saddles
(1974)
Madeline Kahn
29.7%
Cleavon Little
12.3%
Gene Wilder
47.9%
Harvey Korman
5.7%
Jackie Brown
(1997)
Robert Forster
21.4%
Pam Grier
40.4%
Robert De Niro
9.6%
Samuel L. Jackson
24.3%
American Gangster
(2007)
Ruby Dee
13.5%
Chiwetel Ejiofor
6%
Denzel Washington
64.4%
Russell Crowe
11.7%

You're not logged in!

Compare scores with friends on all Sporcle quizzes.
OR
Log In
Forgot?

From the Vault

Celebrity Mothers

by imaginary_friend

Sometimes fame comes down to who you know, or more importantly who's your mommy?
Remove Ads.
Support Sporcle.
Get the best of Sporcle when you Go Orange. This ad-free experience offers more features, more stats, and more fun while also helping to support Sporcle. Thank you for becoming a member.

Show Comments

Extras

Top Quizzes Today


Score Distribution

Your Account Isn't Verified!

In order to create a playlist on Sporcle, you need to verify the email address you used during registration. Go to your Sporcle Settings to finish the process.

Report this User

Report this user for behavior that violates our Community Guidelines.

Details: